000 00386nam a2200169Ia 4500
008 230524s9999 xx 000 0 und d
020 _a8122417531
082 _a621.382
_bWAD
100 _aC.L Wadhwa
245 0 _aNetwork Analysis
250 _a2ND
260 _aNEW DELHI
_bNAI
_c2004
300 _aXI;643
500 _aQuantity Number: 7
650 _aElectrical
942 _cBK
999 _c17665
_d17665